[Event "41st Olympiad Women 2014"]
[Site "Tromso NOR"]
[Date "2014.08.08"]
[Round "6.67"]
[Board "3"]
[White "Figueroa Calderon, Jenid"]
[Black "Abdulla, Khayala"]
[Result "0-1"]
[WhiteTitle "WCM"]
[BlackTitle "WIM"]
[WhiteElo "1454"]
[BlackElo "2286"]
[WhiteTeam "Puerto Rico"]
[BlackTeam "Azerbaijan"]
[WhiteFideId "3101134"]
[BlackFideId "13401807"]
[EventDate "2014.08.02"]

1. d4 Nf6 2. Nf3 e6 3. Bf4 d5 4. e3 c5 5. c3 Nc6 6. Be2 Be7 7. O-O O-O 8. Nbd2
Nh5 9. Bg3 Nxg3 10. fxg3 f5 11. c4 cxd4 12. exd4 dxc4 13. Nxc4 Bf6 14. Nce5 Nxd4
15. Nd3 b6 16. Rc1 Ba6 17. Nxd4 Qxd4+ 18. Kh1 Rad8 19. Rc3 Rf7 20. Rf4 Qe3 21.
Rf3 Qe4 22. Rf4 Qb7 23. Bf3 Qd7 24. Ra3 Bxd3 25. Qb3 Be4 26. Be2 Qd2 27. Bf1 Be5
28. Rxe4 fxe4 29. Qxe6 Qf2 30. Qc4 Qxf1+ 31. Qxf1 Rxf1# 0-1

[Event "41st Olympiad Women 2014"]
[Site "Tromso NOR"]
[Date "2014.08.08"]
[Round "6.67"]
[Board "4"]
[White "Mamedjarova, Turkan"]
[Black "Comas Colon, Rinelly M."]
[Result "1-0"]
[WhiteTitle "WGM"]
[BlackTitle "WFM"]
[WhiteElo "2274"]
[BlackElo "1762"]
[WhiteTeam "Azerbaijan"]
[BlackTeam "Puerto Rico"]
[WhiteFideId "13402005"]
[BlackFideId "3101576"]
[EventDate "2014.08.02"]

1. d4 g6 2. Nf3 Bg7 3. g3 c5 4. c3 cxd4 5. cxd4 Nf6 6. Bg2 O-O 7. O-O d5 8. Nc3
Nc6 9. Bf4 Nh5 10. Be3 h6 11. Qd2 Kh7 12. Nxd5 Bg4 13. Rfd1 Qd7 14. Nb4 Na5 15.
Rac1 Rac8 16. b3 Rxc1 17. Rxc1 Rd8 18. Nd3 Nc6 19. Nc5 Qc7 20. Nxb7 1-0

[Event "41st Olympiad Women 2014"]
[Site "Tromso NOR"]
[Date "2014.08.09"]
[Round "7.5"]
[Board "3"]
[White "Galojan, Lilit"]
[Black "Abrahamyan, Tatev"]
[Result "1/2-1/2"]
[WhiteTitle "IM"]
[BlackTitle "WGM"]
[WhiteElo "2275"]
[BlackElo "2366"]
[WhiteTeam "Armenia"]
[BlackTeam "United States of America"]
[WhiteFideId "13301314"]
[BlackFideId "13301918"]
[EventDate "2014.08.02"]

1. d4 e6 2. c4 Nf6 3. Nc3 Bb4 4. e3 O-O 5. Ne2 d5 6. a3 Be7 7. cxd5 exd5 8. b4
c6 9. Ng3 Nbd7 10. Bd3 a5 11. b5 c5 12. O-O cxd4 13. exd4 Nb6 14. Re1 Re8 15.
Bg5 Bg4 16. f3 Be6 17. Bf5 h6 18. Bf4 Bd6 19. Bxd6 Qxd6 20. Bd3 Rac8 21. Na4 Nc4
22. Nc5 b6 23. Bxc4 dxc4 24. Nce4 Nxe4 25. Nxe4 Qd7 26. Qd2 Red8 27. Rad1 Qxb5
28. Nc3 Qd7 29. d5 Bf5 30. a4 Qd6 31. Qd4 Bd3 32. Re5 Qb4 33. Rde1 Bg6 34. Re7
Rb8 35. Rc7 Re8 36. Rxe8+ Rxe8 37. Rxc4 Qb2 38. Ne4 Qb1+ 39. Kf2 b5 40. axb5
Bxe4 41. fxe4 Qxb5 42. h3 f6 43. d6 Rd8 44. Rc7 a4 45. Ra7 Qc6 46. d7 a3 47.
Qd5+ Qxd5 48. exd5 Kf7 49. Ke3 Ke7 50. Rxa3 Rxd7 51. Kd4 Rb7 52. h4 h5 53. Ra6
Kd7 54. g3 Rc7 55. Ra8 Rb7 56. Rg8 Kd6 57. Rd8+ Ke7 58. Ra8 Kd7 59. Ra3 Kd6 60.
Ra6+ Kd7 61. Kc5 Rc7+ 62. Kd4 Rb7 63. Ra8 Kd6 64. Rd8+ Ke7 65. Rh8 Kd6 66. Rd8+
Ke7 1/2-1/2

[Event "41st Olympiad Women 2014"]
[Site "Tromso NOR"]
[Date "2014.08.09"]
[Round "7.9"]
[Board "2"]
[White "Muzychuk, Mariya"]
[Black "Saduakassova, Dinara"]
[Result "1/2-1/2"]
[WhiteTitle "IM"]
[BlackTitle "WGM"]
[WhiteElo "2530"]
[BlackElo "2375"]
[WhiteTeam "Ukraine"]
[BlackTeam "Kazakhstan"]
[WhiteFideId "14114550"]
[BlackFideId "13700090"]
[EventDate "2014.08.02"]

1. e4 e5 2. Nf3 Nc6 3. c3 d5 4. Qa4 f6 5. d3 Ne7 6. Be2 Be6 7. O-O Ng6 8. Be3
Be7 9. Nbd2 O-O 10. d4 Qd7 11. dxe5 fxe5 12. exd5 Bxd5 13. Bc4 Kh8 14. Rad1 Bxc4
15. Nxc4 Qg4 16. h3 Qe6 17. Ncd2 Nf4 18. Qb3 Nxh3+ 19. gxh3 Qxh3 20. Qxb7 e4 21.
Qxc7 exf3 22. Qg3 Qf5 23. b4 Rf6 24. Qxf3 Qxf3 25. Nxf3 Rxf3 26. Rd7 Bf6 27. b5
Na5 28. Bxa7 Rxc3 29. b6 Ra3 30. Rb1 h6 31. b7 Nxb7 32. Rbxb7 Rxa2 33. Bd4 Bxd4
34. Rxd4 R8a7 35. Rdd7 Rxb7 36. Rxb7 Kh7 37. Kg2 Kg6 38. Rb6+ Kh5 39. Kg3 Ra5
40. f3 Kg5 41. Rb7 g6 42. Rb4 h5 43. Rc4 Kf5 44. Rf4+ Ke6 45. Re4+ Re5 46. Ra4
Rb5 47. Re4+ Kf6 48. Rf4+ Rf5 49. Ra4 Kg5 50. Ra8 h4+ 51. Kg2 Rf4 52. Rh8 Ra4
53. Kh3 Rb4 54. Rf8 Ra4 55. Rf7 Rb4 1/2-1/2

[Event "41st Olympiad Women 2014"]
[Site "Tromso NOR"]
[Date "2014.08.09"]
[Round "7.11"]
[Board "1"]
[White "Repkova, Eva"]
[Black "Ziaziulkina, Nastassia"]
[Result "0-1"]
[WhiteTitle "IM"]
[BlackTitle "IM"]
[WhiteElo "2358"]
[BlackElo "2407"]
[WhiteTeam "Slovakia"]
[BlackTeam "Belarus"]
[WhiteFideId "14900440"]
[BlackFideId "13505211"]
[EventDate "2014.08.02"]

1. e4 c5 2. Nf3 d6 3. Bb5+ Nd7 4. a4 Nf6 5. Nc3 g6 6. a5 Bg7 7. O-O O-O 8. h3
Qc7 9. d3 a6 10. Bc4 e6 11. Bf4 Nh5 12. Be3 Nb8 13. Na4 Nc6 14. g4 Nxa5 15. e5
dxe5 16. gxh5 Nxc4 17. dxc4 b6 18. Qe2 Bb7 19. Nd2 e4 20. hxg6 hxg6 21. f4 exf3
22. Nxf3 Rad8 23. Nc3 Rd7 24. Rad1 Rxd1 25. Nxd1 Rd8 26. Qh2 Qc6 27. Nc3 b5 28.
cxb5 axb5 29. Nb1 c4 30. c3 e5 31. Nbd2 Rd3 32. Kf2 Qd5 33. Ke2 f5 34. Bg5 f4
35. Kd1 e4 36. Ne1 e3 37. Nxd3 cxd3 38. Qxf4 e2+ 39. Kc1 exf1=Q+ 40. Nxf1 Qg2
41. Kb1 Qc2+ 42. Ka1 Qd1+ 43. Qc1 Qa4+ 44. Kb1 Bd5 45. Qf4 Qc2+ 0-1

[Event "41st Olympiad Women 2014"]
[Site "Tromso NOR"]
[Date "2014.08.09"]
[Round "7.25"]
[Board "2"]
[White "Wafa, Shrook"]
[Black "Frayna, Janelle Mae"]
[Result "0-1"]
[WhiteTitle "WGM"]
[BlackTitle "WFM"]
[WhiteElo "2065"]
[BlackElo "2205"]
[WhiteTeam "Egypt"]
[BlackTeam "Philippines"]
[WhiteFideId "10609970"]
[BlackFideId "5212499"]
[EventDate "2014.08.02"]

1. e4 e6 2. d4 d5 3. Nc3 Bb4 4. Ne2 dxe4 5. a3 Bxc3+ 6. Nxc3 Nc6 7. Bb5 Ne7 8.
Nxe4 Qd5 9. Qd3 f5 10. Ng3 Qxg2 11. Bf4 Nd5 12. Bxc6+ bxc6 13. Be5 f4 14. Qe4
Qh3 15. Bxf4 O-O 16. Be3 c5 17. dxc5 Bb7 18. Bd4 Nb4 19. Qe2 Bxh1 20. axb4 Bf3
21. Qe5 Rf7 22. Ne4 h6 23. Kd2 Qg2 24. Ng3 Rd8 25. Kc3 Rd5 26. Qxe6 Qxh2 27. Be3
Rd7 28. Nf5 Qh5 29. Nxh6+ gxh6 30. Rg1+ Kh7 31. Rg3 Rde7 32. Qc8 Rxe3+ 0-1

[Event "41st Olympiad Women 2014"]
[Site "Tromso NOR"]
[Date "2014.08.09"]
[Round "7.30"]
[Board "2"]
[White "Guindy, Esmat"]
[Black "Antonova, Nadezhda"]
[Result "1-0"]
[WhiteTitle "WFM"]
[BlackTitle "WFM"]
[WhiteElo "2074"]
[BlackElo "2004"]
[WhiteTeam "Denmark"]
[BlackTeam "Tajikistan"]
[WhiteFideId "1401637"]
[BlackFideId "14700182"]
[EventDate "2014.08.02"]

1. c4 Nf6 2. Nf3 d6 3. Nc3 g6 4. g3 Bg7 5. Bg2 O-O 6. O-O Nc6 7. d3 d5 8. cxd5
Nxd5 9. Bd2 h6 10. Qc1 Nxc3 11. Bxc3 e5 12. b4 Nd4 13. Nxd4 exd4 14. Bd2 Qe7 15.
Bxh6 Bxh6 16. Qxh6 Qxb4 17. Rab1 Qe7 18. Be4 c6 19. h4 Qe5 20. Rfc1 Qg7 21.
Qxg7+ Kxg7 22. Rb4 Rd8 23. a4 a5 24. Rb6 Kf6 25. Rc5 Ke6 26. g4 Kd6 27. Rg5 Kc7
28. Rb2 Bd7 29. Kg2 Rg8 30. Kg3 b6 31. Rc2 Rad8 32. Rc4 Be8 33. Re5 c5 34. f4
Rd7 35. f5 f6 36. Re6 gxf5 37. Bxf5 Rf7 38. Bg6 Rxg6 39. Rxe8 Rfg7 40. Re4 f5
41. Rexd4 fxg4 42. h5 Rh6 43. Rd5 Re6 44. Rxg4 Re3+ 45. Kh4 Rge7 46. h6 R3e6 47.
Rh5 Rxe2 48. Kg3 R2e3+ 49. Kf4 Rxd3 50. Rg7 Rd4+ 51. Kg5 Rd5+ 52. Kg6 Rd6+ 53.
Kh7 Rdd7 54. Rg5 Kc6 55. Rxe7 Rxe7+ 56. Rg7 Re4 57. Rg6+ Kd5 58. Kg7 Re7+ 59.
Kf8 Rh7 60. Rxb6 c4 61. Kg8 Rxh6 62. Rxh6 Kc5 63. Kf7 Kb4 64. Ke6 c3 65. Kd5 c2
66. Rc6 Kxa4 67. Kd4 Kb3 68. Kd3 a4 69. Rc3+ Kb2 70. Rxc2+ Kb3 71. Rc8 a3 72.
Rb8+ Ka2 73. Kc2 Ka1 74. Kb3 1-0

[Event "41st Olympiad Women 2014"]
[Site "Tromso NOR"]
[Date "2014.08.09"]
[Round "7.44"]
[Board "1"]
[White "Al-Zarouni, Kholoud Essa"]
[Black "Gamboa Alvarado, Olga Leticia"]
[Result "0-1"]
[WhiteTitle "WIM"]
[BlackTitle "WFM"]
[WhiteElo "1862"]
[BlackElo "1899"]
[WhiteTeam "United Arab Emirates"]
[BlackTeam "Costa Rica"]
[WhiteFideId "9301194"]
[BlackFideId "6502270"]
[EventDate "2014.08.02"]

1. e4 d6 2. d4 Nf6 3. Nc3 g6 4. Be3 Bg7 5. Qd2 c6 6. Nf3 b5 7. Bd3 a6 8. h3 Qc7
9. O-O Nbd7 10. Bh6 O-O 11. Rfe1 Bb7 12. Qg5 c5 13. e5 cxd4 14. Bxg7 Kxg7 15.
exf6+ exf6 16. Nd5 Qc5 17. Qg4 Ne5 18. Nxe5 dxe5 19. Nxf6 Kxf6 20. f4 e4 21.
Qh4+ Kg7 22. Bxe4 Bxe4 23. Rxe4 d3+ 24. Qf2 Qxc2 25. Qxc2 dxc2 26. Rc1 Rac8 27.
Re2 Rc4 28. Rcxc2 Rxf4 29. Rc6 Rf6 30. Rec2 Re8 31. R6c3 Re1+ 32. Kh2 Rfe6 33.
Kg3 f5 34. Kf2 g5 35. g4 f4 36. Rc7+ Kg6 37. R7c6 Re2+ 38. Rxe2 Rxc6 39. a3 h5
40. Kf3 h4 41. Rd2 Kf6 42. Rd5 Rc2 43. Rd6+ Kf7 44. Rd5 Rxb2 45. Rxg5 Rb3+ 46.
Kxf4 Rxh3 47. Rh5 Rxa3 48. Rxh4 Kg6 49. Rh8 Ra4+ 50. Kg3 b4 51. Rb8 Ra3+ 52. Kh4
b3 53. Rb6+ Kg7 54. g5 a5 55. Kh5 a4 56. Rb7+ Kf8 57. g6 Ra2 58. g7+ Kg8 59. Kg6
Rg2+ 60. Kf6 Kh7 61. Rb4 Rf2+ 62. Ke5 b2 63. Rg4 Kg8 64. Rb4 a3 0-1

[Event "41st Olympiad Women 2014"]
[Site "Tromso NOR"]
[Date "2014.08.09"]
[Round "7.44"]
[Board "3"]
[White "Abeer, Ali"]
[Black "Ramirez Gonzalez, Maria Jose"]
[Result "0-1"]
[WhiteElo "1657"]
[BlackElo "1764"]
[WhiteTeam "United Arab Emirates"]
[BlackTeam "Costa Rica"]
[WhiteFideId "9302930"]
[BlackFideId "6503349"]
[EventDate "2014.08.02"]

1. e4 e5 2. Nf3 Nc6 3. d4 exd4 4. Bc4 Nf6 5. e5 Ng4 6. Qe2 Qe7 7. Bf4 f6 8. exf6
Nxf6 9. Nbd2 Qxe2+ 10. Bxe2 Be7 11. Nb3 Nd5 12. Bd2 Bf6 13. O-O-O d6 14. Bb5 Ne7
15. Nfxd4 Bd7 16. Bxc6 Nxc6 17. Nxc6 Bxc6 18. f3 Kf7 19. Bf4 Rhe8 20. Rhe1 a5
21. Bg3 a4 22. Nd2 Bg5 23. Kb1 Rxe1 24. Bxe1 Re8 25. Nc4 Re2 26. Bg3 Rxg2 27.
Re1 Bb5 28. Na3 Ba6 29. b3 axb3 30. axb3 Re2 31. Rxe2 Bxe2 32. f4 Bf6 33. c4
Bd3+ 34. Ka2 c6 35. Nb1 Ke6 36. Nd2 Kf5 37. Ka3 h5 38. h3 Be2 39. Ka2 Bc3 40.
Nb1 Bb4 41. Kb2 Bf1 42. h4 Kg4 43. Bf2 Kxf4 44. Bd4 g5 45. hxg5 Kxg5 46. Nc3 Kf4
47. Bf6 Bd3 48. Be7 Kg3 49. Na2 Bc5 50. Nc1 Bf1 51. Kc3 Kg4 52. b4 Be3 53. Nd3
Bxd3 54. Kxd3 Bf4 55. Ke4 Bg3 0-1

[Event "41st Olympiad Women 2014"]
[Site "Tromso NOR"]
[Date "2014.08.09"]
[Round "7.62"]
[Board "3"]
[White "Zengeni, Paidaishe"]
[Black "Adhikari, Ashmita"]
[Result "1-0"]
[WhiteTitle "WCM"]
[WhiteElo "1678"]
[BlackElo "1663"]
[WhiteTeam "Zimbabwe"]
[BlackTeam "Nepal"]
[WhiteFideId "11000660"]
[BlackFideId "12301329"]
[EventDate "2014.08.02"]

1. e4 e5 2. Nf3 Nc6 3. d4 exd4 4. Bc4 Nf6 5. e5 Ng4 6. Bxf7+ Kxf7 7. Ng5+ Kg8 8.
Qf3 Bb4+ 9. c3 Qe7 10. cxb4 Ngxe5 11. Qb3+ Nf7+ 12. Kd1 Kf8 13. Re1 Qf6 14. Re4
Qxf2 15. Rf4 Qg1+ 16. Kc2 Qxg2+ 17. Bd2 d3+ 18. Kc3 Ne5 19. Nxf7 Qc6+ 20. Kd4
Nf3+ 21. Ke3 Qe6+ 22. Qxe6 dxe6 23. Nxh8+ Kg8 24. Rxf3 e5 25. Nf7 e4 26. Kxe4
Bd7 27. Kxd3 Bb5+ 28. Kc2 Bc6 29. Rf2 Rf8 30. Nh6+ gxh6 31. Rxf8+ Kxf8 32. Nc3
h5 33. b5 1-0

[Event "41st Olympiad Women 2014"]
[Site "Tromso NOR"]
[Date "2014.08.10"]
[Round "8.1"]
[Board "1"]
[White "Lagno, Kateryna"]
[Black "Hoang, Thanh Trang"]
[Result "1/2-1/2"]
[WhiteTitle "GM"]
[BlackTitle "GM"]
[WhiteElo "2540"]
[BlackElo "2485"]
[WhiteTeam "Russia"]
[BlackTeam "Hungary"]
[WhiteFideId "14109336"]
[BlackFideId "12400149"]
[EventDate "2014.08.02"]

1. e4 e6 2. d4 d5 3. exd5 exd5 4. Nf3 Nc6 5. Bb5 Ne7 6. O-O a6 7. Bd3 g6 8. Re1
Bg7 9. Bg5 O-O 10. c3 f6 11. Bf4 Bf5 12. Bxf5 Nxf5 13. Qb3 Rb8 14. Nbd2 Kh8 15.
h3 Bh6 16. Bxh6 Nxh6 17. Re2 Qd7 18. Ne1 Nf5 19. Ndf3 Na5 20. Qb4 b6 21. Nd3
Rfe8 22. Rae1 Nc4 23. Nf4 a5 24. Qb3 Rxe2 25. Rxe2 c6 26. Qd1 Re8 27. Qe1 Rxe2
28. Qxe2 Qe7 29. Qxe7 Nxe7 30. Nd3 Nd6 1/2-1/2

[Event "41st Olympiad Women 2014"]
[Site "Tromso NOR"]
[Date "2014.08.10"]
[Round "8.1"]
[Board "2"]
[White "Madl, Ildiko"]
[Black "Gunina, Valentina"]
[Result "0-1"]
[WhiteTitle "IM"]
[BlackTitle "GM"]
[WhiteElo "2347"]
[BlackElo "2524"]
[WhiteTeam "Hungary"]
[BlackTeam "Russia"]
[WhiteFideId "700550"]
[BlackFideId "4167570"]
[EventDate "2014.08.02"]

1. e4 c6 2. d4 d5 3. Nc3 dxe4 4. Nxe4 Bf5 5. Ng3 Bg6 6. Nh3 e6 7. Nf4 Bd6 8. c3
Qc7 9. Ngh5 Bxh5 10. Nxh5 g6 11. Ng3 Nd7 12. Qf3 e5 13. Bc4 O-O-O 14. Qxf7 exd4
15. O-O Ngf6 16. Bd2 Rdf8 17. Qg7 h5 18. f4 Qb6 19. Kh1 h4 20. Ne2 h3 21. Qxg6
Rhg8 22. Bxg8 Rxg8 0-1

[Event "41st Olympiad Women 2014"]
[Site "Tromso NOR"]
[Date "2014.08.10"]
[Round "8.1"]
[Board "4"]
[White "Gara, Ticia"]
[Black "Pogonina, Natalija"]
[Result "0-1"]
[WhiteTitle "WGM"]
[BlackTitle "WGM"]
[WhiteElo "2321"]
[BlackElo "2479"]
[WhiteTeam "Hungary"]
[BlackTeam "Russia"]
[WhiteFideId "717444"]
[BlackFideId "4147855"]
[EventDate "2014.08.02"]

1. e4 e5 2. Nf3 Nc6 3. Bb5 a6 4. Ba4 Nf6 5. O-O b5 6. Bb3 Bb7 7. d3 Be7 8. a3
O-O 9. Nc3 d6 10. Re1 Nb8 11. Ne2 c5 12. Ng3 Nc6 13. Nf5 Bc8 14. Nxe7+ Qxe7 15.
c3 h6 16. Bd5 Nxd5 17. exd5 Nd8 18. a4 Qb7 19. axb5 Qxd5 20. d4 exd4 21. cxd4 c4
22. bxa6 Rxa6 23. Rxa6 Bxa6 24. Bd2 Ne6 25. Qa4 Bb7 26. Qa5 Qxa5 27. Bxa5 Bxf3
28. gxf3 Nxd4 29. Kg2 Nb3 30. Bb6 d5 31. Re5 Rb8 32. Bc7 Rc8 33. Bb6 d4 34. Rb5
Rb8 35. Kf1 d3 36. Rb4 Ra8 37. Be3 Ra1+ 38. Kg2 d2 0-1

[Event "41st Olympiad Women 2014"]
[Site "Tromso NOR"]
[Date "2014.08.10"]
[Round "8.2"]
[Board "2"]
[White "Bjerke, Silje"]
[Black "Isgandarova, Khayala"]
[Result "1-0"]
[WhiteTitle "WIM"]
[BlackTitle "WIM"]
[WhiteElo "2189"]
[BlackElo "2190"]
[WhiteTeam "Norway"]
[BlackTeam "Turkey"]
[WhiteFideId "1502786"]
[BlackFideId "13401823"]
[EventDate "2014.08.02"]

1. e4 e6 2. d4 d5 3. Nc3 Nf6 4. e5 Nfd7 5. f4 c5 6. Nf3 Nc6 7. Be3 a6 8. Qd2 b5
9. dxc5 Bxc5 10. O-O-O Qa5 11. Kb1 b4 12. Ne2 Bxe3 13. Qxe3 Nc5 14. Ned4 Ne7 15.
g4 Bd7 16. Bg2 Na4 17. Nb3 Qc7 18. Nfd4 Nb6 19. Na5 Qc5 20. Nb7 Nc4 21. Qe1 Qb6
22. Nd6+ Nxd6 23. exd6 Qxd6 24. f5 e5 25. Ne2 Rc8 26. Ng3 f6 27. Qd2 O-O 28.
Rhe1 d4 29. h4 Bc6 30. Ne4 Qb8 31. g5 Nd5 32. h5 Nc3+ 33. Ka1 Nxe4 34. Bxe4 Bxe4
35. Rxe4 fxg5 36. Qxg5 h6 37. Qg4 Rxc2 38. Kb1 Rf2 39. Rg1 Qc8 40. Qxg7# 1-0

[Event "41st Olympiad Women 2014"]
[Site "Tromso NOR"]
[Date "2014.08.10"]
[Round "8.2"]
[Board "3"]
[White "Topel, Zehra"]
[Black "Dolzhikova, Olga"]
[Result "1-0"]
[WhiteTitle "WIM"]
[BlackTitle "WGM"]
[WhiteElo "2156"]
[BlackElo "2166"]
[WhiteTeam "Turkey"]
[BlackTeam "Norway"]
[WhiteFideId "6302661"]
[BlackFideId "14105870"]
[EventDate "2014.08.02"]

1. d4 Nf6 2. c4 e6 3. Nf3 Bb4+ 4. Nbd2 b6 5. e3 Bb7 6. Bd3 Ne4 7. O-O Nxd2 8.
Nxd2 O-O 9. a3 Be7 10. Qh5 f5 11. e4 g6 12. Qh3 Nc6 13. Nf3 Na5 14. exf5 exf5
15. Bh6 Re8 16. Bxf5 Bf6 17. Bxd7 Re4 18. Ne5 Bxe5 19. Qe6+ Kh8 20. dxe5 Nxc4
21. Qf7 1-0

[Event "41st Olympiad Women 2014"]
[Site "Tromso NOR"]
[Date "2014.08.10"]
[Round "8.2"]
[Board "4"]
[White "Koskela, Niina"]
[Black "Cemhan, Kardelen"]
[Result "1-0"]
[WhiteTitle "WGM"]
[BlackTitle "WCM"]
[WhiteElo "2213"]
[BlackElo "2019"]
[WhiteTeam "Norway"]
[BlackTeam "Turkey"]
[WhiteFideId "500755"]
[BlackFideId "6325670"]
[EventDate "2014.08.02"]

1. e4 e5 2. Bc4 Nf6 3. d3 c6 4. Nf3 Be7 5. O-O b5 6. Bb3 d6 7. c3 a5 8. a4 b4 9.
cxb4 axb4 10. Nbd2 c5 11. Nc4 O-O 12. Ne3 Nc6 13. Nd5 Be6 14. Nxf6+ Bxf6 15. Be3
Qd7 16. Nd2 Na5 17. Bc4 Be7 18. Bb5 Qb7 19. f4 exf4 20. Bxf4 d5 21. e5 f6 22.
Qe2 f5 23. Nf3 Nc6 24. Bg5 Na7 25. Qf2 h6 26. Bxe7 Qxe7 27. h4 Rab8 28. Rfe1
Nxb5 29. axb5 Rxb5 30. Ra6 Rfb8 31. h5 R5b6 32. Rxb6 Rxb6 33. Nh4 Qg5 34. Ng6
Rc6 35. Ra1 Rc8 36. Nf4 Bf7 37. e6 Bxh5 38. Nxd5 Kh7 39. b3 Be8 40. Ra7 Qc1+ 41.
Kh2 Qg5 42. Nf4 Rd8 43. Nh3 Qf6 44. Qxc5 Qxe6 45. Re7 Qg6 46. Re3 Rb8 47. Nf4
Qf6 48. Qc7 Ra8 49. Nd5 Qh4+ 50. Rh3 Qg5 51. Nf4 Ra2 52. Rg3 Qh4+ 53. Nh3 Qf6
54. Qb8 Qe7 55. Qb6 Rb2 56. Re3 Qf8 57. Qb8 Bc6 58. Qxf8 Rxg2+ 59. Kh1 Rg3+ 60.
Re4 fxe4 61. Qf5+ Kg8 62. Qc8+ Kh7 63. Qf5+ Kg8 64. dxe4 Bxe4+ 65. Qxe4 Rxh3+
66. Kg2 1-0

[Event "41st Olympiad Women 2014"]
[Site "Tromso NOR"]
[Date "2014.08.10"]
[Round "8.3"]
[Board "2"]
[White "Zawadzka, Jolanta"]
[Black "Ju, Wenjun"]
[Result "1/2-1/2"]
[WhiteTitle "WGM"]
[BlackTitle "WGM"]
[WhiteElo "2398"]
[BlackElo "2559"]
[WhiteTeam "Poland"]
[BlackTeam "China"]
[WhiteFideId "1122320"]
[BlackFideId "8603006"]
[EventDate "2014.08.02"]

1. e4 c5 2. Nf3 a6 3. c4 Nc6 4. d4 cxd4 5. Nxd4 e5 6. Nc2 Bc5 7. Bd3 Nge7 8. O-O
O-O 9. Nc3 d6 10. Rb1 Nd4 11. b4 Ba7 12. Nxd4 Bxd4 13. Ne2 Ba7 14. Kh1 Ng6 15.
Be3 Be6 16. Qd2 Qd7 17. Rfd1 Bxe3 18. Qxe3 Rac8 19. Rbc1 Rc7 20. Rc2 Rfc8 21.
Rdc1 h6 22. a3 Kh8 23. Rc3 Qe7 24. a4 Qf6 25. g3 Bh3 26. Ng1 Bd7 27. a5 Ne7 28.
Ne2 Nc6 29. Rb1 Bg4 30. Ng1 Nd4 31. Kg2 Be6 32. Rbc1 Nb5 33. cxb5 Rxc3 34. Rxc3
Rxc3 35. Qd2 Rb3 36. bxa6 bxa6 37. Bxa6 Qe7 38. b5 Bc4 39. Qc2 Qe6 40. Nf3 Bd3
41. Qc6 Rb2 42. Ne1 Bc4 43. Qa8+ Kh7 44. b6 Bxa6 45. Qxa6 Qb3 46. Qc8 Qb5 47.
Qf5+ Kg8 48. Qc8+ Kh7 49. Qf5+ Kg8 50. Qc8+ 1/2-1/2

[Event "41st Olympiad Women 2014"]
[Site "Tromso NOR"]
[Date "2014.08.10"]
[Round "8.3"]
[Board "3"]
[White "Zhao, Xue"]
[Black "Bartel, Marta"]
[Result "1/2-1/2"]
[WhiteTitle "GM"]
[BlackTitle "WGM"]
[WhiteElo "2508"]
[BlackElo "2359"]
[WhiteTeam "China"]
[BlackTeam "Poland"]
[WhiteFideId "8601283"]
[BlackFideId "1123009"]
[EventDate "2014.08.02"]

1. d4 f5 2. g3 Nf6 3. Bg2 g6 4. Nf3 Bg7 5. c4 O-O 6. O-O d6 7. Nc3 c6 8. Re1 Na6
9. b3 Ne4 10. Bb2 Nxc3 11. Bxc3 Nc5 12. Nd2 d5 13. Rc1 Ne4 14. Nxe4 fxe4 15. f3
Bf5 16. Qd2 Qd7 17. Qe3 Rad8 18. Red1 exf3 19. Bxf3 Bg4 20. Rd3 Rf7 21. Bg2 Bh3
22. Rdd1 Rdf8 23. Rf1 Rxf1+ 24. Rxf1 Rxf1+ 25. Bxf1 Bxf1 26. Kxf1 Qf5+ 27. Kg2
Bf6 28. cxd5 cxd5 29. Qf3 Qxf3+ 30. Kxf3 Kf7 31. e4 e6 1/2-1/2

[Event "41st Olympiad Women 2014"]
[Site "Tromso NOR"]
[Date "2014.08.10"]
[Round "8.3"]
[Board "4"]
[White "Kulon, Klaudia"]
[Black "Guo, Qi"]
[Result "0-1"]
[WhiteTitle "WIM"]
[BlackTitle "WGM"]
[WhiteElo "2301"]
[BlackElo "2453"]
[WhiteTeam "Poland"]
[BlackTeam "China"]
[WhiteFideId "1131044"]
[BlackFideId "8604002"]
[EventDate "2014.08.02"]

1. c4 e6 2. g3 d5 3. Bg2 Nf6 4. Nf3 dxc4 5. Qa4+ Nbd7 6. Qxc4 a6 7. Qc2 c5 8.
O-O b5 9. a4 Bb7 10. Nc3 Qb6 11. d3 Be7 12. axb5 axb5 13. Rxa8+ Bxa8 14. Qb3 Nd5
15. e4 Nb4 16. Ne2 Qa6 17. Bd2 Nc6 18. d4 b4 19. Re1 cxd4 20. Nexd4 Nxd4 21.
Nxd4 O-O 22. Bxb4 Rb8 23. Qa3 Qxa3 24. Bxa3 Bf6 25. Rd1 Ne5 26. Nf3 Nc4 27. e5
Bxf3 28. Bxf3 Bxe5 29. Be2 Nxb2 30. Rd7 Na4 31. Ra7 Nc3 32. Bc4 Ne4 33. Rd7 g6
34. Kg2 Rc8 35. Bd3 Nf6 36. Ra7 h5 37. h3 Rd8 38. Bc4 Ne4 39. f4 Bd6 40. Bxd6
Rxd6 41. g4 Rd4 42. Ba2 Nc3 43. Kg3 hxg4 44. hxg4 Ne2+ 45. Kh4 Nxf4 46. Kg5 Kg7
47. Bb3 Nd5 48. Rb7 Nf4 49. Ba2 Nh3+ 50. Kh4 Rd3 51. Bc4 g5+ 52. Kh5 Rd8 0-1

[Event "41st Olympiad Women 2014"]
[Site "Tromso NOR"]
[Date "2014.08.10"]
[Round "8.4"]
[Board "3"]
[White "Guichard, Pauline"]
[Black "Nemcova, Katerina"]
[Result "1-0"]
[WhiteTitle "WGM"]
[BlackTitle "WGM"]
[WhiteElo "2375"]
[BlackElo "2315"]
[WhiteTeam "France"]
[BlackTeam "United States of America"]
[WhiteFideId "639370"]
[BlackFideId "322750"]
[EventDate "2014.08.02"]

1. c4 Nf6 2. Nc3 c5 3. Nf3 Nc6 4. g3 e5 5. Bg2 d6 6. d3 h6 7. a3 Be7 8. Rb1 a5
9. O-O O-O 10. Ne1 Nh7 11. f4 f5 12. Nc2 Be6 13. Ne3 Qd7 14. Ned5 Bd8 15. Be3
Nf6 16. Kh1 Kh8 17. Bg1 Rb8 18. b3 b6 19. Qd2 Bg8 20. Be3 Ng4 21. Bg1 Nf6 22.
Ne3 Bh7 23. Rb2 Be7 24. Ned5 Bd8 25. Qe1 e4 26. dxe4 Nxe4 27. Nxe4 fxe4 28. Rd2
Qe6 29. Qd1 Rb7 30. f5 Qe8 31. g4 h5 32. Nf4 hxg4 33. Ng6+ Bxg6 34. fxg6 Bf6 35.
Rxd6 Nd4 36. e3 Be5 37. Rxf8+ Qxf8 38. Qxg4 Nf5 39. Qh5+ Nh6 40. Qxe5 1-0